000 00518nam a2200193Ia 4500
005 20250508153253.0
008 008 250505s9999 xx 000 0 eng d
037 _aTextual
040 _aFEDL
_beng
_cFEDL
041 _aeng
_2eng
084 _a645, HAR
_qFEDL
100 _aHarling Robert Ed.
_9596595
245 0 _aHouse and garden book of interiors
260 _c1962
300 _a216p.
700 _a Sullivan Olive Kroll Alex
_9763583
942 _cTEXL
_h645, HAR
999 _c1341649
_d1341649